Fleuves de France par communes traversées - Statistiques

Statistiques générales
  • Ce quiz a été pris 54 fois
  • Le résultat moyen est 9 sur 30
Statistiques - réponses
Localité(s) traversée(s) Cours d'eau % Correct
Paris Seine
100%
Toulouse, Bordeaux Garonne
92%
Strasbourg Ill
63%
Rennes, Redon Vilaine
61%
Limoges Vienne
57%
Amiens Somme
55%
Angoulême, Saintes Charente
49%
Saint-Guilhem-le-Désert, Pézenas Hérault
47%
Niort Sèvre niortaise
47%
Tarbes, Dax, Bayonne Adour
45%
Carcassonne, Limoux Aude
41%
Argentan, Caen Orne
37%
Perpignan Têt
24%
Perpignan Têt
24%
Quimper, Bénodet Odet
20%
Saint-Malo Rance
20%
Gravelines Aa
18%
Saint-Lô Vire
18%
Montpellier Lez
12%
Béziers Orb
10%
Lorient Scorff
10%
Fougères, Pontorson Couesnon
8%
Fréjus Argens
6%
Hendaye Bidassoa
6%
Brest Penfeld
6%
Guingamp Trieux
6%
Marseille Huveaune
4%
Nice Paillon
4%
Annecy Thiou
2%
Chantonnay Lay
0%
Aucun quiz correspondant
Distribution des résultats
% des personnes avec chaque résultat
Percentile par nombre de réponses
Votre historique - résultats
Vous n’avez pas pris ce quiz